LDR 00900naa#a2200181#i#450# 001 RU\\bibl\124524 005 20260601083728.1 011 ## _a2413-046X 100 ## _a20260527b2026####ek#y0rusy0150####ca 102 ## _aRU 200 1# _aМеханизм обеспечения социально-экономического развития регионов на основе использования транспортно-инфраструктурного фактора _eЖурнальная статья 210 1# _aМосква _cЭлектронная наука _d2026 215 ## _a11 с. 608 ## _aЖурнальная статья _2local 675 ## _aРегиональная экономика. Территориальная экономика. 332.1 _z 700 #1 _aБелова _gЕлена Вячеславовна 700 #1 _aРазумова _gЮлия Викторовна 856 4# _ae-integral.ru _u